| 000 | 00599nam a2200205Ia 4500 | ||
|---|---|---|---|
| 001 | a1104-25585 [4599] | ||
| 003 | IT-MiCISF | ||
| 008 | 161014s9999||||xx |||||||||||||| ||und|| | ||
| 040 |
_aIT-MiCISF _cIT-MiCISF |
||
| 041 | _ait | ||
| 100 | _aLasconi Tonino | ||
| 245 | 0 |
_aIl misterioso linguaggio del corpo _bSessualità : richiamo, incontro, dono |
|
| 250 | _a1a ed. | ||
| 260 |
_a Leumann (TO) _bElle Di Ci _c1994 |
||
| 300 | _app. 191 | ||
| 500 | _a / educazione-sessuale, adolescenza, giovani, affettività , corpo / | ||
| 650 | _aeducazione | ||
| 942 | _cBK | ||
| 957 | _71 | ||
| 999 |
_a25585 _bsi _g1 _c218166 _d218166 |
||